Understanding nutrition / Eleanor Whitney [and three others]. (Record no. 20330)

000 -LEADER
fixed length control field 00456nam a22001577a 4500
020 ## - INTERNATIONAL STANDARD BOOK NUMBER
ISBN 9780170457972
082 ## - DEWEY DECIMAL CLASSIFICATION NUMBER
Classification number 613.2
Item number W618 2023
100 ## - MAIN ENTRY--AUTHOR NAME
Personal name Whitney, Eleanor Noss, author.
245 ## - TITLE STATEMENT
Title Understanding nutrition / Eleanor Whitney [and three others].
250 ## - EDITION STATEMENT
Edition statement Fifth edition.
260 ## - PUBLICATION, DISTRIBUTION, ETC. (IMPRINT)
Place of publication Australia :
Name of publisher Cengage,
Year of publication ©2023.
300 ## - PHYSICAL DESCRIPTION
Number of Pages xvi, 794 pages :
Other physical details illustrations ; 28 cm
500 ## - GENERAL NOTE
General note Includes index.
650 ## - SUBJECT ADDED ENTRY--TOPICAL TERM
Topical Term Nutrition.
942 ## - ADDED ENTRY ELEMENTS (KOHA)
Koha item type Books
Holdings
Source of acquisition Permanent Location Date acquired Koha item type Collection code Accession Number Lost status Shelving location Withdrawn status Current Location Full call number
SchoolCagayan State University - Carig Library2025-04-07BooksNursingN000241 Nursing Library Cagayan State University - Carig Library613.2 W618 2023
SchoolCagayan State University - Carig Library2025-04-07BooksNursingN000242 Nursing Library Cagayan State University - Carig Library613.2 W618 2023
SchoolCagayan State University - Carig Library2025-04-07BooksNursingN000243 Nursing Library Cagayan State University - Carig Library613.2 W618 2023
SchoolCagayan State University - Carig Library2025-04-07BooksNursingN000244 Nursing Library Cagayan State University - Carig Library613.2 W618 2023
SchoolCagayan State University - Carig Library2025-04-07BooksNursingN000245 Nursing Library Cagayan State University - Carig Library613.2 W618 2023

Cagayan State University University Library, Carig Campus
Tuguegarao City, Cagayan 3500 | www.csucarig.edu.ph

Powered by Koha